000 00786nam a2200205Ii 4500
003 JO-AjNU
008 230605s9999||||xx |||||||||||||| ||und||
040 _aJO-AjNU
_bara
_erda
_cJO-AjNU
041 _aara
050 1 4 _aBP161.2.Q2588 1988
100 3 _aالقحطاني، محمد بن سعيد ؛ تقديم: عبد الرزاق عفيفي,
_eauthor
_956329
245 0 0 _aمن مفاهيم عقيدة السلف الصالح: الولاء والبراء في الإسلام
250 _aط3
264 3 1 _aد.م: المؤلف، 1988
300 _a486ص
_bالفهارس العامة ص 439-475
336 _atext
_btxt
_2rdacontent
337 _aunmediated
_bn
_2rdamedia
338 _avolume
_bnc
_2rdacarrier
650 4 _aالولاء والبراء- علم الكلام
_956330
999 _aA25177
_c28745
_d28745